| 000 | 00431nam a2200169Ia 4500 | ||
|---|---|---|---|
| 005 | 20240513011813.0 | ||
| 008 | 240331s9999 xx 000 0 und d | ||
| 020 | _a8120405978 | ||
| 082 |
_bPAR _a331.48 |
||
| 100 | _aParikh, J.Indira | ||
| 245 | 0 | _aWomen weavers | |
| 260 |
_aNew Delhi _bMohan primlani for oxfort & IBH publishing Co. Pvt. Ltd _c1991 |
||
| 300 | _a113, p ., | ||
| 650 | _aWomen | ||
| 650 | _aSocial | ||
| 942 | _cL | ||
| 999 |
_c2691 _d2691 |
||